[Event "Mittelfrank Regionalliga Nord-West 2223"]
[Site "Mittelfranken"]
[Date "2022.11.27"]
[Round "3.1"]
[White "Stierhof, Michael"]
[Black "Englert, Fabian"]
[Result "1/2-1/2"]
[WhiteElo "2079"]
[BlackElo "2410"]
[PlyCount "59"]
[EventDate "2022.10.09"]
[EventType "team-tourn"]
[EventRounds "9"]
[EventCountry "GER"]
[SourceTitle "EXT 2024"]
[Source "ChessBase"]
[SourceDate "2023.10.10"]
[SourceVersion "1"]
[SourceVersionDate "2023.10.10"]
[SourceQuality "1"]
[WhiteTeam "Bamberg II"]
[BlackTeam "Klingenberg"]
[WhiteTeamCountry "GER"]
[BlackTeamCountry "GER"]

1. e4 g6 2. d4 d6 3. Nc3 c6 4. a4 Nf6 5. f4 Bg7 6. Nf3 0-0 7. a5 Bg4 8. h3 Bxf3 9. Qxf3 e5 10. dxe5 dxe5 11. f5 c5 12. Bb5 a6 13. Bc4 Nc6 14. Be3 Nxa5 15. Bd5 Rc8 16. 0-0 Nc6 17. fxg6 Nxd5 18. gxf7+ Kh8 19. Nxd5 Qd6 20. Bg5 Nd4 21. Qh5 Qg6 22. Qg4 Ne6 23. Ne7 Qxg5 24. Qxe6 Rcd8 25. Nd5 Qg6 26. Qxg6 hxg6 27. Ra3 Rd7 28. Raf3 Bh6 29. Rg3 g5 30. Rc3 1/2-1/2

[Event "Mittelfranken Landesliga Nord 2122"]
[Site "Mittelfranken"]
[Date "2022.05.29"]
[Round "9.1"]
[White "Kraft, Volker"]
[Black "Englert, Fabian"]
[Result "1/2-1/2"]
[WhiteElo "2301"]
[BlackElo "2422"]
[PlyCount "29"]
[EventDate "2021.10.24"]
[EventType "team-tourn"]
[EventRounds "9"]
[EventCountry "GER"]
[SourceTitle "EXT 2024"]
[Source "ChessBase"]
[SourceDate "2023.10.10"]
[SourceVersion "1"]
[SourceVersionDate "2023.10.10"]
[SourceQuality "1"]
[WhiteTeam "Nuernberg SW"]
[BlackTeam "Klingenberg"]
[WhiteTeamCountry "GER"]
[BlackTeamCountry "GER"]

1. e4 c5 2. Nc3 a6 3. g3 Nc6 4. Bg2 g6 5. d3 Bg7 6. Be3 d6 7. Qd2 e5 8. Nd5 Nce7 9. Ne2 Nxd5 10. exd5 Ne7 11. Bh6 Bxh6 12. Qxh6 Nf5 13. Qd2 0-0 14. 0-0 b5 15. Rae1 1/2-1/2

[Event "Mittelfranken Landesliga Nord 2122"]
[Site "Mittelfranken"]
[Date "2022.03.20"]
[Round "4.1"]
[White "Englert, Fabian"]
[Black "Rupp, Markus"]
[Result "1/2-1/2"]
[WhiteElo "2422"]
[BlackElo "2145"]
[PlyCount "93"]
[EventDate "2021.10.24"]
[EventType "team-tourn"]
[EventRounds "9"]
[EventCountry "GER"]
[SourceTitle "EXT 2024"]
[Source "ChessBase"]
[SourceDate "2023.10.10"]
[SourceVersion "1"]
[SourceVersionDate "2023.10.10"]
[SourceQuality "1"]
[WhiteTeam "Klingenberg"]
[BlackTeam "Wuerzburg"]
[WhiteTeamCountry "GER"]
[BlackTeamCountry "GER"]

1. Nf3 d5 2. g3 Nf6 3. Bg2 c6 4. 0-0 Bg4 5. d3 Nbd7 6. c4 e6 7. Nc3 Bd6 8. h3 Bxf3 9. Bxf3 dxc4 10. dxc4 Ne5 11. Bg2 Nxc4 12. Qb3 Nb6 13. a4 Qc7 14. a5 Nbd5 15. Na4 0-0 16. e4 Ne7 17. Be3 Rfd8 18. Rfc1 Nd7 19. Kh1 h6 20. f4 e5 21. f5 Nc8 22. g4 Be7 23. Nc3 Nc5 24. Qc4 Nd3 25. Nd5 Qd7 26. Qxd3 cxd5 27. Qxd5 Qxd5 28. exd5 Bg5 29. Bxg5 hxg5 30. a6 bxa6 31. Rxa6 Rb8 32. Rc2 Rb6 33. Ra5 f6 34. Rac5 Nd6 35. Rc6 Nb5 36. Rxb6 axb6 37. Rc6 Rd6 38. Rc8+ Kf7 39. Bf1 Nd4 40. Rb8 Ke7 41. Bc4 e4 42. Kg2 e3 43. Rb7+ Kf8 44. Rb8+ Ke7 45. Rb7+ Kf8 46. Rb8+ Ke7 47. Rb7+ 1/2-1/2

[Event "Landesliga Nord 1920"]
[Site "Bayern"]
[Date "2019.10.20"]
[Round "1.1"]
[White "Lauer, Moritz"]
[Black "Englert, Fabian"]
[Result "1/2-1/2"]
[WhiteElo "2384"]
[BlackElo "2405"]
[PlyCount "128"]
[EventDate "2019.09.29"]
[EventType "team-tourn"]
[EventRounds "9"]
[EventCountry "GER"]
[SourceTitle "EXT 2021"]
[Source "ChessBase"]
[SourceDate "2020.10.23"]
[SourceVersion "1"]
[SourceVersionDate "2020.10.23"]
[SourceQuality "1"]
[WhiteTeam "Herzogenaurach"]
[BlackTeam "Klingenberg"]
[WhiteTeamCountry "GER"]
[BlackTeamCountry "GER"]

1. e4 e5 2. Nf3 Nc6 3. Bb5 a6 4. Bxc6 dxc6 5. 0-0 Be6 6. Nxe5 Qd4 7. Nf3 Qxe4 8. Ng5 Qf5 9. Nxe6 fxe6 10. d3 0-0-0 11. Qe2 Nf6 12. Nc3 Bc5 13. Bd2 Bd4 14. Rae1 Rhe8 15. Nd1 e5 16. Nc3 e4 17. dxe4 Bxc3 18. Bxc3 Rxe4 19. Qf3 Qxf3 20. gxf3 Rxe1 21. Rxe1 Nd5 22. Bd2 c5 23. Kf1 c4 24. Re4 b5 25. Ke2 Kd7 26. Rh4 Re8+ 27. Kd1 h6 28. Rg4 Re7 29. Rg6 c6 30. a3 Rf7 31. Ke2 Ne7 32. Rg4 h5 33. Rg5 g6 34. Bb4 Nd5 35. Bd2 Rf6 36. f4 Ne7 37. Kf3 Rf5 38. Rg1 Rd5 39. Bc3 Ke6 40. Ke4 Kf7 41. a4 Rd6 42. Ra1 Nd5 43. Be5 Nf6+ 44. Kf3 Re6 45. h3 g5 46. axb5 cxb5 47. fxg5 Rxe5 48. gxf6 Re6 49. Rd1 Rxf6+ 50. Ke3 Re6+ 51. Kf3 Ke7 52. b4 cxb3 53. cxb3 Rc6 54. Rd3 a5 55. Ke4 Re6+ 56. Kf4 Rd6 57. Rc3 Kf6 58. Ke4 a4 59. bxa4 bxa4 60. Rc5 Re6+ 61. Kf4 Ra6 62. Rxh5 Kg6 63. Rg5+ Kh6 64. Rg1 a3 1/2-1/2

[Event "Bayern-ch 89th"]
[Site "Bad Kissingen"]
[Date "2018.08.31"]
[Round "8"]
[White "Schatz, Christian"]
[Black "Englert, Fabian"]
[Result "1/2-1/2"]
[WhiteElo "2171"]
[BlackElo "2398"]
[PlyCount "106"]
[EventDate "2018.08.26"]
[EventType "swiss"]
[EventRounds "9"]
[EventCountry "GER"]
[SourceTitle "CBM 189 Extra"]
[Source "ChessBase"]
[SourceDate "2019.06.03"]
[SourceVersion "1"]
[SourceVersionDate "2019.06.03"]
[SourceQuality "1"]

1. c4 c5 2. g3 g6 3. Bg2 Bg7 4. Nc3 Nc6 5. e3 e5 6. Nge2 Nge7 7. 0-0 0-0 8. a3 a5 9. d3 d6 10. Rb1 Rb8 11. Bd2 Be6 12. Nd5 b5 13. Nec3 b4 14. Nxe7+ Nxe7 15. Nd5 Nxd5 16. cxd5 Bd7 17. axb4 cxb4 18. b3 Bb5 19. Bc1 Qb6 20. Re1 Rfc8 21. Bb2 Qa6 22. d4 Bd3 23. Bf1 Bxf1 24. Rxf1 exd4 25. Bxd4 Bxd4 26. Qxd4 Rc3 27. Rfd1 Qb6 28. Qf4 Re8 29. Rd4 Re5 30. Re4 Rxe4 31. Qxe4 Kg7 32. h4 h5 33. Kh2 Qd8 34. Kg2 Qf6 35. Kg1 Rc7 36. Kg2 Re7 37. Qc4 Re5 38. Rd1 Re7 39. Rd4 Ra7 40. Rf4 Qb2 41. Re4 Kh7 42. Re8 a4 43. bxa4 Rxa4 44. Qf4 Ra7 45. Rb8 b3 46. Qxd6 Qc3 47. Qc6 Qe5 48. d6 b2 49. Rb5 Ra1 50. Qb7 Qxb5 51. Qxf7+ Kh6 52. Qf8+ Kh7 53. Qf7+ Kh6 1/2-1/2

[Event "Regionalliga Nord-West 1718"]
[Site "Bayern"]
[Date "2018.04.15"]
[Round "9.1"]
[White "Englert, Fabian"]
[Black "Lorenz, Mark"]
[Result "1-0"]
[WhiteElo "2363"]
[BlackElo "2062"]
[PlyCount "67"]
[EventDate "2017.10.22"]
[EventType "team-tourn"]
[EventRounds "9"]
[EventCountry "GER"]
[SourceTitle "EXT 2022"]
[Source "ChessBase"]
[SourceDate "2021.10.06"]
[SourceVersion "1"]
[SourceVersionDate "2021.10.06"]
[SourceQuality "1"]
[WhiteTeam "Klingenberg"]
[BlackTeam "Marktleuthen"]
[WhiteTeamCountry "GER"]
[BlackTeamCountry "GER"]

1. g3 e5 2. c4 Nf6 3. Bg2 d6 4. Nc3 Nbd7 5. Nf3 c6 6. e4 Be7 7. d4 0-0 8. 0-0 a6 9. a4 a5 10. b3 Re8 11. Ra2 Bf8 12. h3 exd4 13. Nxd4 Nc5 14. Re2 Qb6 15. Bg5 Nfd7 16. Kh2 Ne6 17. Nxe6 Rxe6 18. Qc2 Nc5 19. Rb1 Bd7 20. Be3 Rae8 21. Na2 Bc8 22. Nc1 Qc7 23. Bxc5 dxc5 24. Nd3 Rd8 25. f4 Rd4 26. e5 Rh6 27. Nf2 Qd7 28. h4 f5 29. Rd1 Be7 30. Bh3 Qe6 31. Red2 Rxd2 32. Qxd2 Rg6 33. Qxa5 h5 34. Ne4 1-0

[Event "Copenhagen Challenge"]
[Site "Ballerup"]
[Date "2017.05.12"]
[Round "4"]
[White "Akdag, Dara Sevkan"]
[Black "Englert, Fabian"]
[Result "0-1"]
[WhiteElo "2240"]
[BlackElo "2375"]
[PlyCount "134"]
[EventDate "2017.05.10"]
[EventType "swiss"]
[EventRounds "9"]
[EventCountry "DEN"]
[SourceTitle "CBM 178 Extra"]
[Source "ChessBase"]
[SourceDate "2017.06.22"]
[SourceVersion "1"]
[SourceVersionDate "2017.06.22"]
[SourceQuality "1"]

1. d4 d5 2. Nc3 Nf6 3. Bf4 c5 4. e3 cxd4 5. exd4 a6 6. Nf3 Nc6 7. Ne5 e6 8. Be2 Bd6 9. Nxc6 bxc6 10. Bxd6 Qxd6 11. 0-0 c5 12. Na4 cxd4 13. Qxd4 0-0 14. c4 Qb4 15. b3 Rb8 16. Rfd1 a5 17. Rac1 Bb7 18. Nc5 e5 19. Qe3 d4 20. Qxe5 Rbe8 21. Qc7 Rxe2 22. Nxb7 d3 23. Kf1 Rfe8 24. Nd6 d2 25. Qxf7+ Kh8 26. Nxe8 Rxe8 27. Qxe8+ Nxe8 28. Rc2 h6 29. Rdxd2 Kh7 30. c5 Nc7 31. c6 Ne6 32. Rd7 Qe4 33. Rdd2 Nd4 34. f3 Qe3 35. Rxd4 Qxd4 36. Ke2 Qe5+ 37. Kd3 Qd6+ 38. Ke3 Qc7 39. Rc4 Kg6 40. Kd4 Kf6 41. Kc5 Ke7 42. Kb5 Kd8 43. h4 Qe5+ 44. Kb6 Kc8 45. Re4 Qc7+ 46. Kb5 Kb8 47. Rc4 Ka7 48. g4 Qb6+ 49. Ka4 Kb8 50. c7+ Kc8 51. h5 Qf2 52. Kxa5 Qxa2+ 53. Kb4 Qe2 54. Rc3 Qd2 55. f4 Qe2 56. Rc5 Qxg4 57. Ka5 Qxf4 58. b4 Qd6 59. Kb5 g5 60. hxg6 Qxg6 61. Rc6 Qd3+ 62. Kb6 Qd4+ 63. Ka5 h5 64. b5 Qa7+ 65. Kb4 Qxc7 66. Kc5 Qxc6+ 67. Kxc6 h4 0-1

[Event "Regionalliga NW 1617"]
[Site "Bayern"]
[Date "2016.11.20"]
[Round "2.1"]
[White "Schindler, Viktor"]
[Black "Englert, Fabian"]
[Result "1/2-1/2"]
[WhiteElo "2141"]
[BlackElo "2355"]
[PlyCount "51"]
[EventDate "2016.10.16"]
[EventType "team-tourn"]
[EventRounds "9"]
[EventCountry "GER"]
[SourceTitle "EXT 2019"]
[Source "ChessBase"]
[SourceDate "2018.10.10"]
[SourceVersion "1"]
[SourceVersionDate "2018.10.10"]
[SourceQuality "1"]
[WhiteTeam "Hof PTSV"]
[BlackTeam "Klingenberg/Main"]
[WhiteTeamCountry "GER"]
[BlackTeamCountry "GER"]

1. e4 c6 2. Nf3 d5 3. exd5 cxd5 4. Ne5 a6 5. d4 Nf6 6. Bd3 Nc6 7. c3 g6 8. 0-0 Nxe5 9. dxe5 Nd7 10. Re1 Bg7 11. Bf4 0-0 12. Bc2 Nc5 13. Nd2 d4 14. Ne4 Ne6 15. Bg3 b6 16. cxd4 Nxd4 17. Nc3 Nxc2 18. Qxc2 Be6 19. Qe4 Ra7 20. f3 Qa8 21. Bf2 Qxe4 22. Rxe4 Rd7 23. Na4 Rd5 24. Rae1 Rd2 25. Bxb6 Rc8 26. Ba5 1/2-1/2

[Event "Budapest FS11 GM"]
[Site "Budapest"]
[Date "2016.11.07"]
[Round "3"]
[White "Ilincic, Zlatko"]
[Black "Englert, Fabian"]
[Result "1-0"]
[WhiteElo "2385"]
[BlackElo "2374"]
[PlyCount "103"]
[EventDate "2016.11.05"]
[EventType "tourn"]
[EventRounds "9"]
[EventCountry "HUN"]
[EventCategory "7"]
[SourceTitle "CBM 175 Extra"]
[Source "ChessBase"]
[SourceDate "2016.12.12"]
[SourceVersion "1"]
[SourceVersionDate "2016.12.12"]
[SourceQuality "1"]

1. d4 d5 2. g3 Nf6 3. Bg2 c5 4. Nf3 cxd4 5. 0-0 h6 6. Bf4 e6 7. Nxd4 g5 8. Bxb8 Rxb8 9. c4 Bg7 10. Nc3 dxc4 11. Qa4+ Bd7 12. Qxa7 0-0 13. Rfd1 Qc7 14. Rd2 Rfc8 15. Ndb5 Qc5 16. Rad1 Nd5 17. Bxd5 Bxb5 18. Qxc5 Rxc5 19. Nxb5 exd5 20. Rxd5 Rxd5 21. Rxd5 Ra8 22. Nd6 Rxa2 23. Nxc4 Ra4 24. b3 Rb4 25. Rd3 Rb5 26. Nd6 Rb6 27. g4 Bf8 28. Nf5 Kh7 29. Kg2 Ba3 30. h3 Kg6 31. Ne3 Re6 32. Nc4 Bc5 33. Rd5 b6 34. e3 f6 35. Kf3 h5 36. Nd2 h4 37. Ne4 Ba3 38. Rb5 Rc6 39. Nd2 Bd6 40. Nc4 Bc7 41. Ke4 Re6+ 42. Kd4 Re8 43. Kd5 Bg3 44. f3 Rd8+ 45. Ke6 Rd1 46. Rf5 Rh1 47. Rxf6+ Kh7 48. Rf7+ Kg8 49. Nxb6 Be5 50. Nd5 Bg7 51. Ne7+ Kh8 52. Kf5 1-0

[Event "Budapest FS11 GM"]
[Site "Budapest"]
[Date "2016.11.05"]
[Round "1"]
[White "Farago, Ivan"]
[Black "Englert, Fabian"]
[Result "1-0"]
[WhiteElo "2410"]
[BlackElo "2374"]
[PlyCount "71"]
[EventDate "2016.11.05"]
[EventType "tourn"]
[EventRounds "9"]
[EventCountry "HUN"]
[EventCategory "7"]
[SourceTitle "CBM 175 Extra"]
[Source "ChessBase"]
[SourceDate "2016.12.12"]
[SourceVersion "1"]
[SourceVersionDate "2016.12.12"]
[SourceQuality "1"]

1. d4 d5 2. c4 e6 3. Nf3 dxc4 4. e3 b5 5. a4 c6 6. b3 Bb4+ 7. Bd2 Bxd2+ 8. Nfxd2 Ne7 9. bxc4 b4 10. a5 0-0 11. Nb3 Nd7 12. Be2 c5 13. N1d2 Bb7 14. 0-0 Rb8 15. Nxc5 Nxc5 16. dxc5 Qc7 17. Nb3 Rfd8 18. Qc2 Qe5 19. Rfd1 Be4 20. Rxd8+ Rxd8 21. Rd1 Rc8 22. Bd3 Bg6 23. Bxg6 hxg6 24. h3 Nc6 25. Qe2 Qc7 26. Qa2 Rd8 27. Rxd8+ Qxd8 28. Qa4 Qd1+ 29. Kh2 Ne5 30. Qxb4 Nd3 31. Qb8+ Kh7 32. c6 Nxf2 33. Qf4 Qxb3 34. Qh4+ Kg8 35. c7 Ng4+ 36. hxg4 1-0

[Event "Copenhagen Challenge"]
[Site "Ballerup"]
[Date "2016.04.24"]
[Round "9"]
[White "Englert, Fabian"]
[Black "Kristensen, Kaare Hove"]
[Result "0-1"]
[WhiteElo "2391"]
[BlackElo "2341"]
[PlyCount "148"]
[EventDate "2016.04.20"]
[EventType "swiss"]
[EventRounds "9"]
[EventCountry "DEN"]
[SourceTitle "CBM 172 Extra"]
[Source "ChessBase"]
[SourceDate "2016.06.21"]
[SourceVersion "1"]
[SourceVersionDate "2016.06.21"]
[SourceQuality "1"]

1. d4 d5 2. c4 c6 3. Nf3 Nf6 4. Nc3 e6 5. g3 dxc4 6. Bg2 b5 7. Ne5 a6 8. 0-0 Bb7 9. b3 cxb3 10. axb3 Be7 11. Bb2 0-0 12. Qc2 Nbd7 13. Bxc6 Qc7 14. Bxb7 Qxb7 15. Nd3 Rfc8 16. b4 Rc4 17. Qb3 Rxd4 18. Nxb5 Rxd3 19. Qxd3 axb5 20. Rxa8+ Qxa8 21. Qxb5 Qd5 22. Qa5 h6 23. b5 Ne4 24. Qa6 Bc5 25. Qc8+ Kh7 26. Qc6 Nb6 27. Qxd5 Nxd5 28. e3 Nc7 29. Rb1 Nxb5 30. Be5 Nbc3 31. Rb7 f6 32. Bxc3 Nxc3 33. Rc7 Ne4 34. Kg2 Bf8 35. Rc8 Kg8 36. Rc7 Nd6 37. Ra7 Nf5 38. Rd7 Ne7 39. Ra7 Kf7 40. Rb7 h5 41. Ra7 g6 42. Rb7 f5 43. Ra7 Kf6 44. Ra8 Bg7 45. Rd8 Nc6 46. Rd7 Ne5 47. Ra7 Bf8 48. Ra4 Nf7 49. e4 Ng5 50. e5+ Kf7 51. Ra7+ Be7 52. f4 Ne4 53. h4 Kf8 54. Ra8+ Kf7 55. Ra7 Ke8 56. Ra8+ Bd8 57. Rb8 Kd7 58. Rb7+ Bc7 59. Ra7 Kc6 60. Ra8 Bb6 61. Rg8 Bf2 62. Rxg6 Kd5 63. Rh6 Bxg3 64. Kf3 Bxh4 65. Rxh5 Bf2 66. Rh7 Bd4 67. Rd7+ Kc4 68. Re7 Nc5 69. Re8 Kd3 70. Re7 Bc3 71. Re8 Nb3 72. Kg3 Nd4 73. Kh4 Ke4 74. Kg5 Bd2 0-1